Biblioteca y Centro de Documentación

Estimates of ad valorem equivalents of barriers against foreign suppliers of services in eleven services sectors and 103 countries (Registro nro. 49559)

Detalles MARC
000 -CABECERA
Longitud fija campo de control 01279naa a2200313 c 4500
001 - NÚMERO DE CONTROL
Número de control 49559
003 - IDENTIFICADOR DE NÚMERO DE CONTROL
Identificador del número de control ES-MaCES
005 - FECHA Y HORA DE LA ÚLTIMA TRANSACCIÓN
Fecha y hora de la última transacción 20170615150723.0
008 - CAMPO FIJO DE DESCRIPCIÓN FIJA--INFORMACIÓN GENERAL
Códigos de información de longitud fija   170615s2017 uk ||||| t||||||| ||eng d
040 ## - FUENTE DE CATALOGACIÓN
Centro catalogador de origen ES-MaCES
Lengua de catalogación spa
Centro transcriptor ES-MaCES
Centro modificado ES-MaCES
100 1# - ENCABEZAMIENTO PRINCIPAL--NOMBRE PERSONAL
9 (RLIN) 38296
Nombre de persona Jafari, Yaghoob
245 10 - MENCIÓN DE TÍTULO
Título Estimates of ad valorem equivalents of barriers against foreign suppliers of services in eleven services sectors and 103 countries
Mención de responsabilidad, etc. Yaghoob Jafari, David G. Tarr
504 ## - NOTA DE BIBLIOGRAFÍA, ETC.
Nota de bibliografía, etc. Bibliografía: p. 572-573
650 #4 - ASIENTO SECUNDARIO DE MATERIA--TÉRMINO DE MATERIA
9 (RLIN) 27947
Término de materia o nombre geográfico como elemento inicial sector terciario
650 #4 - ASIENTO SECUNDARIO DE MATERIA--TÉRMINO DE MATERIA
9 (RLIN) 30653
Término de materia o nombre geográfico como elemento inicial globalización económica
650 #4 - ASIENTO SECUNDARIO DE MATERIA--TÉRMINO DE MATERIA
9 (RLIN) 28005
Término de materia o nombre geográfico como elemento inicial libre comercio
650 #4 - ASIENTO SECUNDARIO DE MATERIA--TÉRMINO DE MATERIA
9 (RLIN) 27958
Término de materia o nombre geográfico como elemento inicial comercio internacional
650 #4 - ASIENTO SECUNDARIO DE MATERIA--TÉRMINO DE MATERIA
9 (RLIN) 30595
Término de materia o nombre geográfico como elemento inicial proveedor
650 #4 - ASIENTO SECUNDARIO DE MATERIA--TÉRMINO DE MATERIA
9 (RLIN) 27142
Término de materia o nombre geográfico como elemento inicial empresa multinacional
650 #4 - ASIENTO SECUNDARIO DE MATERIA--TÉRMINO DE MATERIA
9 (RLIN) 26677
Término de materia o nombre geográfico como elemento inicial frontera
650 #4 - ASIENTO SECUNDARIO DE MATERIA--TÉRMINO DE MATERIA
9 (RLIN) 27945
Término de materia o nombre geográfico como elemento inicial coste de distribución
650 #4 - ASIENTO SECUNDARIO DE MATERIA--TÉRMINO DE MATERIA
9 (RLIN) 29368
Término de materia o nombre geográfico como elemento inicial modelo econométrico
650 #4 - ASIENTO SECUNDARIO DE MATERIA--TÉRMINO DE MATERIA
9 (RLIN) 28889
Término de materia o nombre geográfico como elemento inicial análisis estadístico
653 10 - TÉRMINO DE INDEXACIÓN--NO CONTROLADO
Término no controlado Comercio internacional
700 1# - ENCABEZAMIENTO SECUNDARIO--NOMBRE PERSONAL
9 (RLIN) 38297
Nombre de persona Tarr, David G.
773 0# - ENTRADA DE DOCUMENTO FUENTE
Itemnumber del ítem fuente 86021
Lugar, editor y fecha de publicación Oxford (Cowley Road, 108, OX4 1JF) Cambridge (Main Street, 238, MA 02142) Blackwell
Otro identificador del documento 088919
Título The world economy
Número de control del registro relacionado (ES-MaCES)25728
Parte(s) relacionada(s) vol. 40, no. 3 (Mar. 2017) {10214 R. 088919} ;p. 544-573
902 ## - CES. TIPO DE DOCUMENTO
Tipodoc (006$c Sirtex) ART Artículo de revista
942 ## - ELEMENTOS KOHA
Fuente de clasificaión o esquema Clasificación propia del CES
Koha [por defecto] tipo de item Artículos (1982-2017)
Parte de clasificación Economía

No hay ítems disponibles.

© CES, Consejo Económico y Social de España 2021